000 00739nam a2200241Ia 4500
003 GCL
008 140319s9999 xx 000 0 ara d
040 _aGCL /
_cGCL
082 0 4 _a811.009
_bم ا
100 1 _aمحروس منشاوى الجالى
245 1 0 _aالاثار المصرية فى شعر شوقى /
_cمحروس منشاوى الجالى
260 _a[S.N] :
_bدار الفكر العربى ،
_c1986
300 _a80 ص
490 _a
650 0 4 _aالشعر العربى
650 0 4 _aالادب العربى
650 0 4 _aالعصر الحديث
650 0 4 _aدواوين وقصائد
650 0 4 _aاحمد شوقى
650 0 4 _aتاريخ ونقد
650 0 4 _aالمجموعات
942 _2ddc
_cBK
999 _c32314
_d32314